000 00296nam a22001337a 4500
008 170413b xxu||||| |||| 00| 0 eng d
020 _a0397508352
041 _aeng
080 _27 ED
_a618
100 _a10
101 _aSHM
245 _aOPERATIVE GYNECOLOGY
_cTHOMPSON.J.D
942 _2udc
_cBK
999 _c10589
_d10589